000 01045nam a22002897a 4500
001 3023
003 FISKH
005 20241127100654.0
008 240131b cb ||||| |||| 00| 0 eng d
020 _a9780545266956
040 _aFISKH
_beng
_cFISKH
_dFISKH
050 _aPZ7.W15875
082 _a523.8
100 _aWallace, Nancy Elizabeth
245 _aStars! Stars! Stars!
_cWritten and illustrated by Wallace, Nancy Elizaberth
250 _aFirst Scholastic printing, September 2010
260 _aNew York :
_bScholastic ,
_c2009
300 _a40 pages :
_bcolor illustrations ;
_c21 cm .
505 _aL
520 _aWhen Minna expresses an interest in stars, her mother suggests she invite a few friends to a star party, including a special dinner, a trip to the new Star Space at the Children's Museum, and star-gazing.
521 8 _a540
_bLexile
521 8 _aL
_bRaz-Plus
600 _2solar systems
_vnon-fiction
610 _2stars
_vnon-fiction
700 _aCuyler, Margery
_eeditor
942 _2ddc
_cBK
_n0
999 _c3023
_d3023